<?xml version="1.0" encoding="UTF-8"?>
<record
    xmlns:xsi="http://www.w3.org/2001/XMLSchema-instance"
    xsi:schemaLocation="http://www.loc.gov/MARC21/slim http://www.loc.gov/standards/marcxml/schema/MARC21slim.xsd"
    xmlns="http://www.loc.gov/MARC21/slim">

  <leader>00695nam a22001577a 4500</leader>
  <controlfield tag="003">OSt</controlfield>
  <controlfield tag="005">20151104152525.0</controlfield>
  <controlfield tag="008">151104b        xxu||||| |||| 00| 0 eng d</controlfield>
  <datafield tag="040" ind1=" " ind2=" ">
    <subfield code="c">RUA </subfield>
  </datafield>
  <datafield tag="082" ind1=" " ind2=" ">
    <subfield code="a">FOR &#x17A2;&#x17CA;&#x17BB;&#x1780; 1994 B119 Or.1</subfield>
  </datafield>
  <datafield tag="100" ind1=" " ind2=" ">
    <subfield code="9">3356</subfield>
    <subfield code="a">&#x17A2;&#x17CA;&#x17BB;&#x1780; &#x179C;&#x17B8;&#x179A;&#x1794;&#x17BB;&#x178F;&#x17D2;&#x179A;</subfield>
  </datafield>
  <datafield tag="245" ind1=" " ind2=" ">
    <subfield code="a">&#x179C;&#x17B7;&#x1797;&#x17B6;&#x1782;&#x1791;&#x17B6;&#x1793;&#x1780;&#x17D2;&#x1793;&#x17BB;&#x1784;&#x1780;&#x17B6;&#x179A;&#x1780;&#x179F;&#x17B6;&#x1784;&#x1782;&#x17C6;&#x179A;&#x17BC;&#x1782;&#x178E;&#x17B7;&#x178F;&#x178F;&#x1798;&#x17D2;&#x179B;&#x17C3;&#x1798;&#x17B6;&#x178C;&#x1788;&#x17BE;&#x1788;&#x179A; &#x1793;&#x17C3;&#x1794;&#x17D2;&#x179A;&#x1797;&#x17C1;&#x1791;&#x1796;&#x17B6;&#x178E;&#x17B7;&#x1787;&#x17D2;&#x1787;&#x1780;&#x1798;&#x17D2;&#x1798;&#x17A2;&#x17C6;&#x1794;&#x17BC;&#x179A; Dipterocarpaceae &#x1780;&#x17D2;&#x1793;&#x17BB;&#x1784;&#x179F;&#x17B6;&#x179A;&#x1796;&#x17D0;&#x1793;&#x17D2;&#x1792;&#x1796;&#x17D2;&#x179A;&#x17C3; &#x1781;&#x17C1;&#x178F;&#x17D2;&#x178F;&#x179A;&#x178F;&#x1793;&#x1782;&#x17B8;&#x179A;&#x17B8;;</subfield>
  </datafield>
  <datafield tag="260" ind1=" " ind2=" ">
    <subfield code="a">Phnom Penh </subfield>
    <subfield code="b">RUA</subfield>
    <subfield code="c">1993</subfield>
  </datafield>
  <datafield tag="300" ind1=" " ind2=" ">
    <subfield code="a">93p.</subfield>
    <subfield code="b">ill.</subfield>
    <subfield code="c">29cm.</subfield>
  </datafield>
  <datafield tag="942" ind1=" " ind2=" ">
    <subfield code="2">ddc</subfield>
    <subfield code="c">FOR</subfield>
  </datafield>
  <datafield tag="999" ind1=" " ind2=" ">
    <subfield code="c">3129</subfield>
    <subfield code="d">3129</subfield>
  </datafield>
  <datafield tag="952" ind1=" " ind2=" ">
    <subfield code="0">0</subfield>
    <subfield code="1">0</subfield>
    <subfield code="2">ddc</subfield>
    <subfield code="4">0</subfield>
    <subfield code="6">FOR_&#x17A2;&#x17BB;&#x1780;_1994_000000000000000_B119_OR_1</subfield>
    <subfield code="7">0</subfield>
    <subfield code="9">14763</subfield>
    <subfield code="a">LBB</subfield>
    <subfield code="b">LBB</subfield>
    <subfield code="c">B119</subfield>
    <subfield code="d">2015-11-04</subfield>
    <subfield code="o">FOR &#x17A2;&#x17CA;&#x17BB;&#x1780; 1994 B119 Or.1</subfield>
    <subfield code="p">RUA026193</subfield>
    <subfield code="r">2015-11-04</subfield>
    <subfield code="w">2015-11-04</subfield>
    <subfield code="y">FOR</subfield>
  </datafield>
</record>
